000 00777nam a2200193 a 4500
003 0
005 20250411112035.0
008 060802s19uu xx 00 eng d
050 _aPHS HQ 799.2.I5
_b.S57 2006
100 _aSison, John Aaron P.
245 _aThe Factors that influence upper school students of Southville International School and Colleges on seeking independence from their parents /
_cJohn Aaron P. Sison.
260 _aLas PiƱas City, Philippines :
_bSouthville International School and Colleges,
_c2006.
300 _a26 pages ;
_c28 cm.
504 _aIncludes bibliographical references.
650 _aYouth
_vIndependence.
650 _aParent and child
_vPsychological aspects.
650 _aParent and child
_vPsychological aspects.
942 _2lcc
_cPASS
999 _c97667
_d97667